ស្វែងយល់អំពីកសិកម្មពនេចរនៅព្រៃ បំរុងទុក ស្រុករមាសហែក; (Record no. 3131)

000 -LEADER
fixed length control field 00540nam a22001577a 4500
003 - CONTROL NUMBER IDENTIFIER
control field OSt
005 - DATE AND TIME OF LATEST TRANSACTION
control field 20151104153107.0
008 - FIXED-LENGTH DATA ELEMENTS--GENERAL INFORMATION
fixed length control field 151104b xxu||||| |||| 00| 0 eng d
040 ## - CATALOGING SOURCE
Transcribing agency RUA
082 ## - DEWEY DECIMAL CLASSIFICATION NUMBER
Classification number FOR ស្រី​ 1994 B119 Or.1
100 ## - MAIN ENTRY--PERSONAL NAME
9 (RLIN) 3359
Personal name ស្រី វីរៈ
245 ## - TITLE STATEMENT
Title ស្វែងយល់អំពីកសិកម្មពនេចរនៅព្រៃ បំរុងទុក ស្រុករមាសហែក;
260 ## - PUBLICATION, DISTRIBUTION, ETC. (IMPRINT)
Place of publication, distribution, etc. Phnom Penh
Name of publisher, distributor, etc. RUA
Date of publication, distribution, etc. 1994
300 ## - PHYSICAL DESCRIPTION
Extent 60p.
Other physical details ill.
Dimensions 29cm.
942 ## - ADDED ENTRY ELEMENTS (KOHA)
Source of classification or shelving scheme
Koha item type FOR
Holdings
Price effective from Date last seen Permanent Location Not for loan Date acquired Source of classification or shelving scheme Koha item type Barcode Lost status Damaged status Shelving location Withdrawn status Current Location Full call number
2015-11-042015-11-04Library Block B 2015-11-04 FORRUA010692  B119 Library Block BFOR ស្រី​ 1994 B119 Or.1
2016-11-112016-11-11Library Block C 2016-11-11 FORRUA045075    Library Block CFOR ស្រី​ 1994 B119 Or.2
មជ្ឈមណ្ឌលឯការនៃសាកលវិទ្យាល័យភូមិន្ទកសិកម្មចំការដូង

Powered by Koha